LEADER 00807naa a2200193 u 4500 001 000000101874 003 CaOOAMICUS 005 20070226130208.0 008 060313s1990 enk u000 u eng u 035 $a11080730 040 $aIAR$bita 100 1 $aPope, Stephen J.,$d1955-$0(OLS)http://pul/name/50058 245 10$aLove, moral values and proportionalism :$bA response to Garth Hallett /$cStephen J. Pope. 260 $aLondon :$bHeythrop College,$c1990. 300 $aS. 199-205 ;$c22 cm 730 4 $aThe Heythrop Journal$g[Spogli].$0(OLS)http://pul/title/102196 773 0 $tThe Heythrop Journal$kXXXI (1990)$w()77964 996 $6245$aLove, moral values and proportionalism :$bA response to Garth Hallett$9(OLS)http://pul/title/128781 996 $6260$aLondon :$bHeythrop College$9(OLS)http://pul/publisher/75281 LEADER 01662nam a2200349 u 4500 001 000000012560 003 CaOOAMICUS 005 20070226105541.0 008 940712s1949 fr u000 u grc u 035 $a10303026 040 $aPUL$bita 041 1 $afre$agrc 100 0 $aClemens, Titus Flavius,$cAlexandrinus,$dc. 150-215/6.$0(OLS)http://pul/name/64266 240 10$aProtrepticus$9(Clemens, Titus Flavius, Alexandrinus, c. 150-215/6).$lFrancese e greco.$0(OLS)http://pul/title/18170 245 13$aLe Protreptique. /$cIntroduction, traduction et notes de Claude Mondésert. 250 $a2. èd. rev. et augm. du texte grec.$bAvec la collaboration de M. Andrè Plassart ... 260 $aParis :$bLes Éditions du Cerf,$c1949. 300 $a215, [1] p. ;$c21 cm 490 1 $aSources chrétiennes ;$v2 500 $aTesto greco e trad. francese a fronte, con la stessa numerazione di pagina. 504 $aBibliographical footnotes. 700 1 $aMondésert, Claude,$cS.I.,$d1906-1990.$0(OLS)http://pul/name/11945 830 0$aSources chrétiennes ;$v2.$0(OLS)http://pul/title/45 850 $aPUL 852 $aPUL$W1$xSL Religione 2$y84$mTheol E3 2$j17743$nBK-PRI$b $qStampati altre collocazioni$B17743$CPULBib$Z2$F17743 $H $81 900 $aClemente di Alessandria$cs.,$dca. 150-ca. 215$964266 900 $aClemente Alessandrino,$cs.,$dca. 150-ca. 215$964266 900 $aClemens Alexandrinus,$dc. 150-215/6$964266 941 1 $a10 961 $aINV: 14829 996 $6245$aLe Protreptique.$9(OLS)http://pul/title/18171 996 $6260$aParis :$bLes Éditions du Cerf$9(OLS)http://pul/publisher/47861 LEADER 02100nam a2200361 a 4500 001 000000163640 003 CaOOAMICUS 005 20171024170429.0 008 171024s1955 it m u000 udspa r 032 $aLibriCat 040 $aPUL$bita 100 1 $aCastillo Lara, Rosalio José,$ccard.,$d1922-$0(OLS)http://pul/name/11810 245 13$aLa potestad coactiva material suprema de la Iglesia en las Actas Conciliares y Epístolas de los Romanos Pontífices desde Alejandro III hasta Bonifacio VIII : $binvestigaciones sobre un presupuesto fundamental de las relaciones entre Sacerdotium e e Imperium / $cRosalio Castillo Lora. 260 $aAugustae Taurinorum :$b[s.n.],$c1955. 300 $a52 p. ;$c24 cm. 502 $aEstratto di Tesi. Pontificium Athenaeum Salesianum. Facultas Juris Canonici.1955. 504 $aBibliografia in nota a piè pagina. 600 04$aBonifacius PP.$bVIII,$dc. 1230-1303.$0(OLS)http://pul/subject/1810 600 04$aAlexander PP.$bIII,$dm. 1181.$0(OLS)http://pul/subject/9314 710 2 $aPontificio Ateneo Salesiano$kTesi.$0(OLS)http://pul/name/105057 850 $aPUL 852 $aPUL$W1$xDP1 Tesi Pon. Univ. Salesiana$y46$mTH SAL 36$j187795$qTesi$B190882$CPULBib$Z2$F190882 $H19542 $82 941 1 $a16 960 $aPapi (1294-1303 : Bonifacius PP. VIII)$91810 960 $aPapi (1294-1303 : Bonifacius PP. VIII)$91810 960 $aBonifacio$bVIII,$cpapa,$dc. 1230-1303$91810 960 $aCaetani, Benedetto,$dc. 1230-1303$91810 960 $aAlessandro$bIII,$cpapa,$d1159-1181$99314 960 $aBandinelli, Rolando,$d1159-1181$99314 960 $aPapi (1159-1181 : Alexander PP. III)$99314 996 $6245$aLa potestad coactiva material suprema de la Iglesia en las Actas Conciliares y Epístolas de los Romanos Pontífices desde Alejandro III hasta Bonifacio VIII : $binvestigaciones sobre un presupuesto fundamental de las relaciones entre Sacerdotium e e Imperium / $9(OLS)http://pul/title/203347 996 $6260$aAugustae Taurinorum :$b[s.n.]$9(OLS)http://pul/publisher/85688